000 00803cam a22002653a 4500
001 23130
003 PGUSA
005 20140828083507.0
008 071020s2007||||xxu|||||s|||||000 1 eng d
040 _aPGUSA
_beng
042 _adc
050 4 _aPZ
100 1 _aWalton, Amy,
_d1848-1899
245 1 0 _aBlack, White and Gray :
_bA Story of Three Homes
_h[electronic resource] /
_cAmy Walton
260 _bProject Gutenberg,
_c2007
506 _aPublic domain in the USA.
516 _aElectronic text
653 _aConduct of life -- Juvenile fiction
653 _aBrothers and sisters -- Juvenile fiction
653 _aCats -- Juvenile fiction
700 1 _aBarnes, Robert,
_d1840-1895
830 0 _aProject Gutenberg
_v23130
856 4 0 _uhttp://www.gutenberg.org/ebooks/23130
942 _cEB
999 _c252385
_d252385